| 000 | 00728nam a2200229 a 4500 | ||
|---|---|---|---|
| 003 | MX-MxUPN | ||
| 005 | 20241001063926.0 | ||
| 008 | 991125s1937 xxu r 000 0 eng d | ||
| 035 | _aUPN01000004217 | ||
| 040 |
_aMX-MxUPN _bspa _cMX-MxUPN |
||
| 041 | 0 | _aeng | |
| 050 | 4 |
_aHF5381 _bB5 1937 |
|
| 100 | 1 |
_aBingham, Walter Van Dyke, _d1880-1952 _932042 |
|
| 245 | 1 | 0 | _aAptitudes and aptitude testing |
| 250 | _a6a ed. | ||
| 260 |
_aNew York : _bNational Ocupational Conference by Harper & Brothers, _c1937. |
||
| 300 | _a390 páginas | ||
| 650 | 4 |
_aPruebas de aptitud _91418 |
|
| 650 | 4 |
_aEmpleos _911054 |
|
| 710 | 2 |
_aInstituto Nacional de Investigación Educativa (México) _epropietario anterior _928086 |
|
| 942 |
_2lcc _cLIBRO |
||
| 999 |
_c4217 _d4217 |
||